000 00292nam a2200121Ia 4500
008 190216s9999||||xx |||||||||||||| ||und||
100 _aWazir Akthar
245 0 _aEconomics In Islamic Law
260 _b"Kitab Bhavan, New Delhi-2"
300 _a71
650 _aIslamic History
942 _cBK
999 _c22292
_d22292